000 00739cab a2200229 4500
001 ABS41581
008 090401t1989 xxu||||| |||| 00| 0 eng d
035 _a(Sirsi) u31020
041 _aeng
100 _aStraw, M.
245 _aSouth east seeks solution
260 _c1989
350 _a0
490 _aEstates Times
_v(1014) 29 September 1989, 15(1)
520 _aConcise review of government proposals to change the planning system within the south east; prospects for the future of development plans , regional strategy for the south east and strategic planning guidance for London .
650 _aDDPS
650 _aSCPPS
650 _aUDPS
690 _aPLANNING LAW AND PRACTICE
942 _n0
948 _c04/03/1997
999 _c20859
_d20859